Gaming Quiz

Random Gaming Quiz

Tower Keepers - Heroes Quiz Stats

 Plays Quiz not verified by Sporcle

Score 0/31 Timer 05:00
0 Plays Today
Rarity Hero Name % Correct
CommonArcher
100%
CommonCleric
100%
CommonFighter
100%
CommonKnight
100%
CommonMage
100%
CommonThief
100%
UncommonBerserker
100%
UncommonPaladin
100%
UncommonPirate
100%
UncommonSorceress
100%
UncommonWarlock
100%
UncommonWitch
100%
RareAmazon
100%
RareBarbarian
100%
RareDruid
100%
RareSwashbuckler
100%
Rarity Hero Name % Correct
Super RareCavalier
100%
Super RareNinja
100%
Super RareShaman
100%
Super RareWarmaster
100%
EpicArchmage
100%
EpicBlackguard
100%
EpicNecromancer
100%
EpicRanger
100%
EpicTemplar
100%
CommonMystic
75%
UncommonMonk
75%
RareSamurai
75%
RareSpellsword
75%
EpicValkyrie
75%
Super RareKensei
50%

You're not logged in!

Compare scores with friends on all Sporcle quizzes.
OR
Log In

Sporcle TV

Today on Sporcle TV


Watch our educational content, quiz creation guides, and fun videos on Sporcle TV.

Show Comments

Extras

Created Sep 14, 2017SourceReportNominate
Tags:here, hero, keeper, Rarity, tower

Top Quizzes Today


Score Distribution

Your Account Isn't Verified!

In order to create a playlist on Sporcle, you need to verify the email address you used during registration. Go to your Sporcle Settings to finish the process.

Report this User

Report this user for behavior that violates our Community Guidelines.

Details: